Which parts of the UK have devolved powers? - Statistics

General Stats
  • This quiz has been taken 6 times
  • The average score is 10 of 17
Answer Stats
Hint Answer % Correct
Northern Irish Assembly (Stromont)
100%
Yorkshire North Yorkshire Combined Authority
100%
Scottish Assembly (Holyrood)
100%
Welsh Assembly (Senedd)
100%
North-West England Greater Manchester Combined Authority
75%
North-East England North East Combined Authority
75%
Yorkshire South Yorkshire Combined Authority
75%
The Midlands West Midlands Combined Authority
75%
Yorkshire West Yorkshire Combined Authority
75%
East of England Cambridgeshire and Peterborough Combined Authority
50%
North-West England Liverpool City Region Combined Authority
50%
South-East England London Assembly (Combined Authority)
50%
The Midlands East Midlands Combined Authority
25%
East of England Greater Lincolnshire Combined Authority
25%
Yorkshire Hull and East Yorkshire Combined Authority
25%
West Country West of England Combined Authority
25%
North-East England Tees Valley Combined Authority
0%
No matching quizzes found
Score Distribution
Percent of People with Each Score
Percentile by Number Answered
Your Score History
You have not taken this quiz